Southville International School and Colleges
Your cart is empty.
  • Cart
  • Lists
    Public lists Eva Luna New books Lux_list list_1
    Your lists Log in to create your own lists
  • Log in to your account
  • Your cookies
  • Search history
Southville International School and Colleges
  • Advanced search
  • Recent comments
  • Most popular
  • Libraries

Log in to your account

Log in with GOOGLE


If you do not have an external account, but do have a local account, you can still log in:

  1. Home
  2. MARC view: Scholastic reading skills kit (boxc) /
Normal view MARC view ISBD view

Scholastic reading skills kit (boxc) / (Record no. 12722)

[ view plain ]
MARC details
000 -LEADER
fixed length control field 00633nam a2200169 a 4500
005 - DATE AND TIME OF LATEST TRANSACTION
control field 20140310182406.0
008 - FIXED-LENGTH DATA ELEMENTS--GENERAL INFORMATION
fixed length control field 030220s19uu xx 00 eng d
100 ## - MAIN ENTRY--PERSONAL NAME
Personal name Block, Cathy Collins
245 ## - TITLE STATEMENT
Title Scholastic reading skills kit (boxc) /
Statement of responsibility, etc Dr. Cathy Collins Block, Dr. John N. Mangieri.
260 ## - PUBLICATION, DISTRIBUTION, ETC. (IMPRINT)
Place of publication, distribution, etc New York :
Name of publisher, distributor, etc Scholastic,
Date of publication, distribution, etc c2002.
300 ## - PHYSICAL DESCRIPTION
Extent Primary, Box A-D
500 ## - GENERAL NOTE
General note Includes answer key cards, teacher's resource book, reading skills cards, and strategy cards.
650 ## - SUBJECT ADDED ENTRY--TOPICAL TERM
Topical term or geographic name as entry element Reading skills kit.
700 ## - ADDED ENTRY--PERSONAL NAME
Personal name (see KITS for check out purposes)
700 ## - ADDED ENTRY--PERSONAL NAME
Personal name National Reading /Language Arts Consultants
942 ## - ADDED ENTRY ELEMENTS (KOHA)
Koha item type Books
Holdings
Withdrawn status Lost status Damaged status Home library Current library Shelving location Date acquired Source of acquisition Total Checkouts Full call number Barcode Date last seen Price effective from Koha item type
      Luxembourg Library Luxembourg Library KIT Section 02/20/2003     KIT 418.4 B62 2002 11587 10/10/2013 10/10/2013 Kits

Scholastic reading skills kit (boxc) /

APA

Block C. C., (see KITS for check out purposes) & National Reading /Language Arts Consultants. (2002). Scholastic reading skills kit (boxc). New York: Scholastic.

Chicago

Block Cathy Collins, (see KITS for check out purposes) and National Reading /Language Arts Consultants. 2002. Scholastic reading skills kit (boxc). New York: Scholastic.

Harvard

Block C. C., (see KITS for check out purposes) and National Reading /Language Arts Consultants. (2002). Scholastic reading skills kit (boxc). New York: Scholastic.

MLA

Block Cathy Collins, (see KITS for check out purposes) and National Reading /Language Arts Consultants. Scholastic reading skills kit (boxc). New York: Scholastic. 2002.

  • Place hold
  • Print
  • Cite
  • Add to your cart (remove)
  • Save record
    BIBTEX Dublin Core MARCXML MARC (non-Unicode/MARC-8) MARC (Unicode/UTF-8) MARC (Unicode/UTF-8, Standard) MODS (XML) RIS
  • More searches
    Search for this title in:
    Other Libraries (WorldCat) Other Databases (Google Scholar) Online Stores (Bookfinder.com) Open Library (openlibrary.org)

Exporting to Dublin Core...

SOUTHVILLE LIBRARY

Southville International School and Colleges Library

1281 Tropical Ave. Cor. Luxembourg St., BF Homes International, Las Pinas City

Tel. No. 8256374 / 252358 Loc. 117/146

Powered by Koha